Pays avec Drapeau Bicolore - Statistiques

Statistiques générales
  • Ce quiz a été pris 465 fois
    359 depuis la dernière actualisation
  • Le résultat moyen est 23 sur 37
Statistiques - réponses
Couleur principale Couleur secondaire Pays % Correct
Rouge Blanc Pologne
93%
Rouge Blanc Monaco
90%
Rouge Blanc Indonésie
84%
Blanc Rouge Japon
83%
Rouge Jaune Chine
80%
Rouge Vert Maroc
80%
Blanc Bleu Finlande
79%
Rouge Blanc Canada
78%
Bleu Jaune Suède
78%
Rouge Blanc Tunisie
76%
Rouge Blanc Turquie
76%
Bleu Jaune Ukraine
74%
Rouge Blanc Suisse
70%
Rouge Blanc Danemark
68%
Rouge Blanc Autriche
67%
Rouge Blanc Pérou
65%
Blanc Bleu Grèce
63%
Rouge Noir Albanie
59%
Vert Rouge Bangladesh
59%
Rouge Jaune Viêt Nam
59%
Blanc Rouge Singapour
56%
Vert Blanc Arabie Saoudite
55%
Vert Blanc Pakistan
54%
Rouge Blanc Qatar
54%
Bleu Jaune Palaos
51%
Blanc Bleu Israël
50%
Bleu Blanc Somalie
48%
Rouge Blanc Bahreïn
46%
Vert Blanc Nigeria
46%
Rouge Blanc Lettonie
45%
Rouge Blanc Tonga
43%
Blanc Rouge Géorgie
41%
Bleu Blanc Honduras
40%
Bleu Blanc Micronésie
40%
Rouge Jaune Macédoine du Nord
39%
Bleu Jaune Kazakhstan
37%
Rouge Jaune Kirghizistan
31%
Aucun quiz correspondant
Distribution des résultats
% des personnes avec chaque résultat
Percentile par nombre de réponses
Votre historique - résultats
Vous n’avez pas pris ce quiz depuis la dernière actualisation